00540nam a2200157Ia 4500003000900000008004100009040001600050080001800066100002400084245011600108260004700224300001400271490005200285650002300337650002200360IN-BaIIA211028s9999 xx 000 0 eng d cIIA Library a524.3-54bHAL aHale, George Ellery 4aThe study of stellar evolutionban account of some recent methods of astrophysical researchcGeorge Ellery Hale aChicagobUniversity of Chicago Pressc1908 axi, 252p. aThe decennial publications second series; v. 10 aStellar Evoluation aStellar Structure